Vedľajšia integrovaná hasičská a záchranná stanica v určenom meste

Salvato in:
Dettagli Bibliografici
Autore principale: Pisár, Matúš (Autore)
Altri autori: Olbřímek, Juraj (Relatore della tesi)
Natura: Manoscritto Libro
Lingua:slovacco
Pubblicazione: 2017
Soggetti:
Accesso online:http://is.stuba.sk/zp/portal_zp.pl?podrobnosti=125946
https://opac.crzp.sk/?fn=detailBiblioForm&sid=4B7A8F8230E492173216628DC396
Tags: Aggiungi Tag
Nessun Tag, puoi essere il primo ad aggiungerne!!

MARC

LEADER 00000ntm a22000003a 4500
001 stuzp63223
003 SK-STU
005 20230817113717.5
007 ta
008 150427s2015----xo-----f-mn---000-0-slo-d
040 |a STU  |b slo 
041 0 |a slo 
100 1 |a Pisár, Matúš  |u 010180  |4 aut  |U SvF Stavebná fakulta  |T SvF Katedra konštrukcií pozemných stavieb  |X 81687  |U V180  |Y 18  |7 81687 
242 0 1 |a Subsidiary integrated fire and rescue station in Terchova.  |y eng 
245 1 0 |a Vedľajšia integrovaná hasičská a záchranná stanica v určenom meste 
260 |c 2017 
650 4 |a hasičská stanica  |2 slo 
650 4 |a záchranná stanica  |2 slo 
650 4 |a Terchová  |2 slo 
650 4 |a horská služba  |2 slo 
650 4 |a obecná polícia Terchová  |2 slo 
650 4 |a rescue station  |2 eng 
650 4 |a mountain service  |2 eng 
650 4 |a communal police Terchová  |2 eng 
650 4 |a fire station  |2 eng 
650 4 |a Terchová  |2 eng 
700 1 |a Olbřímek, Juraj  |u 010180  |k Z1  |4 ths  |U SvF Stavebná fakulta  |T SvF Katedra konštrukcií pozemných stavieb  |X 738  |U V180  |Y 18  |7 A000000738 
856 4 |u http://is.stuba.sk/zp/portal_zp.pl?podrobnosti=125946 
856 4 |u https://opac.crzp.sk/?fn=detailBiblioForm&sid=4B7A8F8230E492173216628DC396